000 00427 a2200157 4500
001 194559
020 _a9788561167240
040 _cMagnum
100 _aLEMOS,Marilene Guzella Martins
240 1 0 _aBAÚS DE TROCAS:NOVOS CONTOS DE FADA PARA LER E CONTAR
_lpor
245 1 0 _aBAÚS DE TROCAS:NOVOS CONTOS DE FADA PARA LER E CONTAR
300 _a86p.
362 0 _a2011
697 _aLITERATURA INFANTO-JUVENIL
942 _cBK
999 _c194559
_d194559